00841nam a22002057a 4500003000900000008004100009020001800050040007100068082001900139100003100158245002300189260002900212300004100241440001600282505022400298650003200522650002600554650002900580650002600609AR-CdUCM190305b ||||| |||| 00| 0 spa d a84-89212-10-4 aMUNICIPALIDAD PROVINCIAL DEL CUSCOcBIBLIOTECA MUNICIPAL DEL CUSCO a809.93 /bG984 aGutiérrez S., Francisco. aExpediente negro / aLima : bEDICOL,c 1988. a210 paginas bIlustraciones,c23 cm. aColección aLos Borgia, la degeneración queda en familia -- Rasputin el monje hipnotizador del imperio zarista -- AL Capone, rey sin corona, pero con metralla -- Campos de concentración o el genocidio como operativo estatal... aLiteratura hispanoamericana aLiteratura e historia aRomance latinoamericano  a Historia y crítica